000
00321nam a2200145Ia 4500
008
230718s9999 xx 000 0 und d
041
_a
Eng.
082
_a
347
_b
CH.-C
100
_a
Ch. Shehram
245
0
_a
Civial major Act
260
_a
Pakistan
_b
Punjab law House
300
_a
937
650
_a
Law
999
_c
29955
_d
29955